000 00678nam a22002297a 4500
003 DO-SdBNP
005 20221004140726.0
007 ta
008 110301s2021 pr 000 j spa d
020 _a9789945608830
040 _aDO-SdBNP
_bspa
_cBNPHU
082 4 _axxxx
_bC851t
100 1 _aCotto Medina, Celestino
_953018
245 1 0 _aTerritorios absurdos /
_cCelestino Cotto Medina
260 _aPuerto Rico :
_bIsla Negra,
_c2021.
300 _a200 p. :
_c23 cm.
490 1 _aEl rostro y la máscara ;
500 _aIncluye datos biográficos del autor en la solapa de la portada.
590 _aInventariado, 2022/ YL
910 _aYLockward
942 _2ddc
_cLBS1
999 _c52518
_d52518